| 000 | 00535cam a2200205 4500 | ||
|---|---|---|---|
| 001 | B1100 | ||
| 008 | 090401t1983 xxu||||| |||| 00| 0 eng d | ||
| 035 | _a(Sirsi) u42547 | ||
| 041 | _aeng | ||
| 050 | _a333.337 | ||
| 110 |
_aDron and Wright _91943 |
||
| 245 | _a(Office rent and rates 1983) | ||
| 260 |
_aLondon _bDron and Wright _c1983 |
||
| 300 | _a(5) leaves ; 30cm. | ||
| 350 | _a0 | ||
| 520 | _aPress release headed Southwark space costs overtake Tower Hamlets. | ||
| 650 | _aOFFICES | ||
| 942 | _n0 | ||
| 948 | _c04/03/1997 | ||
| 999 |
_c91151 _d91151 |
||